Le radio più ascoltate in Italia - Statistics

Statistiche generali
  • Questo quiz è stato fatto 45 volte
  • Il punteggio medio è 10 su 25
Statistiche sulle risposte
ASCOLTATORI MEDI GIORNALIERI IN MLN RADIO % Corretto
3.109 Rai/Radio 1
83%
5.406 Radio Deejay/Deejay
78%
2.561 Rai/Radio 2
78%
4.988 Radio 105/105
68%
6.616 RTL 102.5
68%
6.391 Radio Italia
65%
6.028 RDS
58%
3.998 Radio Kiss Kiss/Kiss Kiss
55%
3.037 Virgin Radio/Virgin
50%
1.241 Rai Radio 3/Radio 3
45%
2.085 RMC/Radio Monte Carlo/Monte Carlo
45%
2.615 Radio 24
33%
1.254 Radio Zeta/Zeta
33%
0.950 Radio Norba/Norba
30%
2.278 R101
28%
1.285 Radio Bruno/Bruno
28%
1.303 Radio Freccia/Freccia
23%
1.325 Radio Sportiva/Sportiva
18%
2.559 Radio Subasio/Subasio
18%
0.957 Radio Birikina/Birikina
15%
1.734 Radio Capital/Capital
15%
2.062 M20
13%
1.440 Radio Italia Anni 60
5%
1.283 Radio Kiss Kiss Italia/Kiss Kiss Italia
5%
0.922 Radio Margherita/Margherita
5%
Nessun quiz corrispondente trovato
Distribuzione punteggi
Percentuale di utenti per punteggio
Percentile per numero di risposta
I tuoi punteggi nel tempo
Non hai fatto questo quiz